[Event "Ourense Campus 6th"]
[Site "Ourense"]
[Date "2019.07.04"]
[Round "6.9"]
[White "Garralda Ruiz, Ander"]
[Black "Rodriguez Lopez, Rafael"]
[Result "0-1"]
[WhiteElo "1806"]
[BlackElo "2260"]
[PlyCount "76"]
[EventDate "2019.07.01"]
[EventType "swiss"]
[EventRounds "9"]
[EventCountry "ESP"]
[SourceTitle "EXT 2024"]
[Source "ChessBase"]
[SourceDate "2023.10.10"]
[SourceVersion "1"]
[SourceVersionDate "2023.10.10"]
[SourceQuality "1"]

1. d4 Nf6 2. Bf4 e6 3. Nf3 b6 4. e3 Bb7 5. Be2 Be7 6. h3 0-0 7. 0-0 c5 8. Re1 cxd4 9. exd4 d6 10. c3 Nbd7 11. Bh2 a6 12. a4 Re8 13. Nbd2 Qc7 14. Qb3 Bc6 15. Ng5 h6 16. Nxf7 Kxf7 17. Bg4 Nxg4 18. Qxe6+ Kf8 19. hxg4 Nf6 20. f3 Bd5 21. Qf5 Kg8 22. g5 hxg5 23. Qxg5 Qb7 24. Qg3 Bf8 25. c4 Bf7 26. d5 b5 27. axb5 Rxe1+ 28. Qxe1 Re8 29. Qf2 axb5 30. Ra7 Qb8 31. b3 bxc4 32. bxc4 Qb2 33. g4 Qc1+ 34. Kg2 Qd1 35. Ne4 Nxe4 36. fxe4 Qxg4+ 37. Kf1 Bg6 38. Qb2 Bxe4 0-1

[Event "Ourense Campus 6th"]
[Site "Ourense"]
[Date "2019.07.03"]
[Round "4.8"]
[White "Garralda Ruiz, Ander"]
[Black "Sanchez Aller, Fernando"]
[Result "0-1"]
[WhiteElo "1806"]
[BlackElo "2315"]
[PlyCount "84"]
[EventDate "2019.07.01"]
[EventType "swiss"]
[EventRounds "9"]
[EventCountry "ESP"]
[SourceTitle "EXT 2024"]
[Source "ChessBase"]
[SourceDate "2023.10.10"]
[SourceVersion "1"]
[SourceVersionDate "2023.10.10"]
[SourceQuality "1"]

1. d4 Nf6 2. Bf4 g6 3. Nf3 Bg7 4. e3 0-0 5. Be2 c5 6. 0-0 d6 7. h3 Nbd7 8. c3 b6 9. Qb3 Bb7 10. a4 a6 11. Nbd2 Qc7 12. Bh2 Bc6 13. Rfb1 Qb7 14. c4 cxd4 15. exd4 d5 16. Rc1 dxc4 17. Bxc4 Rac8 18. Ne5 Bd5 19. Nxd7 Qxd7 20. Qxb6 Rc6 21. Qb3 Rfc8 22. Rc3 Bxc4 23. Nxc4 Ne4 24. Nb6 Rxc3 25. bxc3 Qb7 26. Qd5 Qxd5 27. Nxd5 Kf8 28. Rb1 e6 29. Nc7 Nxc3 30. Rb6 Bxd4 31. Rxa6 e5 32. Ra8 Rxa8 33. Nxa8 Nxa4 34. Kf1 Nc3 35. Nc7 Ke7 36. f3 Kd7 37. Na6 Nd5 38. Bg1 Bxg1 39. Kxg1 Kc6 40. Nb8+ Kc7 41. Na6+ Kb6 42. Nb8 Nf6 0-1

[Event "Navarra-ch"]
[Site "Pamplona"]
[Date "2017.03.25"]
[Round "2"]
[White "Garralda Ruiz, Ander"]
[Black "Cinza Lopez, Javier"]
[Result "0-1"]
[WhiteElo "1726"]
[BlackElo "2001"]
[PlyCount "110"]
[EventDate "2017.03.11"]
[EventType "swiss"]
[EventRounds "7"]
[EventCountry "ESP"]
[SourceTitle "EXT 2018"]
[Source "ChessBase"]
[SourceDate "2017.10.13"]
[SourceVersion "1"]
[SourceVersionDate "2017.10.13"]
[SourceQuality "1"]

1. e4 g6 2. d4 Bg7 3. Nf3 c6 4. Bc4 d5 5. Bb3 Nf6 6. e5 Ne4 7. Nbd2 Bf5 8. Nh4 Bc8 9. c3 Nxd2 10. Bxd2 0-0 11. f4 c5 12. dxc5 d4 13. 0-0 Nc6 14. f5 Nxe5 15. fxg6 hxg6 16. Bf4 Bg4 17. Qe1 e6 18. Qg3 Be2 19. Rfe1 d3 20. Bd1 Qd5 21. Bxe2 dxe2 22. b4 Nd3 23. Rxe2 Nxf4 24. Qxf4 Bxc3 25. Rb1 g5 26. Qg3 Qd4+ 27. Kh1 Qg7 28. Nf3 Bf6 29. Qc7 Rab8 30. Ne5 Rbc8 31. Qd6 Rfd8 32. Nd7 Bc3 33. b5 Qd4 34. Qxd4 Bxd4 35. c6 bxc6 36. bxc6 Rxc6 37. Ne5 Rc5 38. Nf3 Bf6 39. h3 Rcd5 40. Rb7 a5 41. Rb3 Kg7 42. Kg1 Rd3 43. Rb7 Kg6 44. Ne5+ Bxe5 45. Rxe5 a4 46. Ra5 R8d4 47. Raa7 Rf4 48. Rb8 Rd1+ 49. Kh2 Rd2 50. Rg8+ Kf6 51. Rf8 Kg7 52. Re8 Rff2 53. Rxa4 Rxg2+ 54. Kh1 Rxa2 55. Rea8 Rh2+ 0-1